logo

Bir Sreshtho Munshi Abdur Rouf Library
Jhenaidah Cadet College

Measurement and evaluation in teaching / (Record no. 7928)

MARC details
000 -LEADER
fixed length control field 00774nam a2200265 a 4500
001 - CONTROL NUMBER
JCCL Control Number 7928
003 - CONTROL NUMBER IDENTIFIER
JCCL marc code BD - JhCC
005 - DATE AND TIME OF LATEST TRANSACTION
control field 20180717085303.0
008 - FIXED-LENGTH DATA ELEMENTS--GENERAL INFORMATION
fixed length control field 950720s1976 nyua b 001 0 eng d
020 ## - INTERNATIONAL STANDARD BOOK NUMBER
International Standard Book Number 0023480505
020 ## - INTERNATIONAL STANDARD BOOK NUMBER
International Standard Book Number 0029794005 (Internat.ed.)
035 ## - SYSTEM CONTROL NUMBER
system control number (BD-JhCC)7928
040 ## - CATALOGING SOURCE
Original cataloging agency BD-JhCC
Modifying agency BD-JhCC
041 ## - LANGUAGE CODE
Language code of Book eng
082 ## - DEWEY DECIMAL CLASSIFICATION NUMBER
Author mark and Year GRO 1976
Classification number 371.26
100 1# - MAIN ENTRY--PERSONAL NAME
Personal name Gronlund, Norman Edward,
Dates associated with a name 1920-
245 10 - TITLE STATEMENT
Title Measurement and evaluation in teaching /
Statement of responsibility, etc Norman E. Gronlund
250 ## - EDITION STATEMENT
Edition statement 5th ed
260 ## - PUBLICATION, DISTRIBUTION, ETC. (IMPRINT)
Place of publication, distribution, etc New York :
Name of publisher, distributor, etc Macmillan ;
Place of publication, distribution, etc London :
Name of publisher, distributor, etc Collier Macmillan,
Date of publication, distribution, etc 1976
300 ## - PHYSICAL DESCRIPTION
Pagination x, 590 p :
Other physical details ill. ;
Dimensions 24 cm
504 ## - BIBLIOGRAPHY, ETC. NOTE
Bibliography, etc Includes bibliographies and indexes
650 #0 - SUBJECT ADDED ENTRY--TOPICAL TERM
Topical term or geographic name as entry element Educational tests and measurements
942 ## - ADDED ENTRY ELEMENTS (KOHA)
Source of classification or shelving scheme Dewey Decimal Classification
Koha item type Books
Holdings
Source of classification or shelving scheme Damaged status Not for loan Home library Current library Shelving location Total Checkouts Full call number Barcode Date last seen Copy number Koha item type
Dewey Decimal Classification     JCC Rouf Library JCC Rouf Library General Stacks   371.26 GRO 1976 938 02/15/2018 C - 1 Books

JCC Library | Contacts | JCC Home

Last Update on 23 September 2017
Copyright @ 2017-2020 JCC Rouf Library
Rouf Library, Jhenidah Cadet College (JCC), Bangladesh